Power through prayer ; Purpose in prayer / (Record no. 3724)

MARC details
000 -LEADER
fixed length control field 00813cam a2200265 a 4500
001 - CONTROL NUMBER
control field 1919243
003 - CONTROL NUMBER IDENTIFIER
control field GBCCL
005 - DATE AND TIME OF LATEST TRANSACTION
control field 20241126110502.0
008 - FIXED-LENGTH DATA ELEMENTS--GENERAL INFORMATION
fixed length control field 850311s1984 nju 000 0 eng
010 ## -
-- 85128109
020 ## - INTERNATIONAL STANDARD BOOK NUMBER
International Standard Book Number 0916441032
040 ## - CATALOGING SOURCE
Original cataloging agency DLC
Transcribing agency DLC
Modifying agency DLC
050 00 -
-- BV210
-- .B585 1984
082 00 - DEWEY DECIMAL CLASSIFICATION NUMBER
Classification number 248.32
Edition information 19
Item number BOU
100 1# - MAIN ENTRY--PERSONAL NAME
Personal name Bounds, Edward M.
Fuller form of name (Edward McKendree),
Dates associated with a name 1835-1913.
9 (RLIN) 3374
245 10 - TITLE STATEMENT
Title Power through prayer ; Purpose in prayer /
Statement of responsibility, etc. E.M. Bounds.
260 ## - PUBLICATION, DISTRIBUTION, ETC.
Place of publication, distribution, etc. Westwood, N.J. :
Name of publisher, distributor, etc. Christian Library,
Date of publication, distribution, etc. c1984.
300 ## - PHYSICAL DESCRIPTION
Extent 96, 128 p. ;
Dimensions 23 cm.
440 #4 - SERIES STATEMENT/ADDED ENTRY--TITLE
Title The Christian library
9 (RLIN) 7575
650 #0 - SUBJECT ADDED ENTRY--TOPICAL TERM
Topical term or geographic name entry element Prayer
General subdivision Christianity.
9 (RLIN) 227
740 0# -
-- Power through prayer.
740 0# -
-- Purpose in prayer.
906 ## - LOCAL DATA ELEMENT F, LDF (RLIN)
a 7
b cbc
c orignew
d 3
e ncip
f 19
g y-gencatlg
942 ## - ADDED ENTRY ELEMENTS (KOHA)
Source of classification or shelving scheme Dewey Decimal Classification
Koha item type Books
Koha issues (borrowed), all copies 1
Holdings
Withdrawn status Lost status Source of classification or shelving scheme Damaged status Not for loan Home library Current Library Shelving location Date acquired Total checkouts Full call number Barcode Date last seen Date last checked out Copy number Price effective from Koha item type
    Dewey Decimal Classification     GRACE BIBLE COLLEGE GRACE BIBLE COLLEGE Ministry & Mission 2017-12-05 1 248.32 BOU 003724 2025-05-01 2023-01-30 c.1 2017-12-05 Books
© Grace Bible College Library 2025